भारतीय पत्रकारिता कोशः (1780-1900) / (Record no. 16274)
[ view plain ]
| 000 -LEADER | |
|---|---|
| fixed length control field | 01725nam a22002897a 4500 |
| 005 - DATE AND TIME OF LATEST TRANSACTION | |
| control field | 20081006144546.0 |
| 008 - FIXED-LENGTH DATA ELEMENTS--GENERAL INFORMATION | |
| fixed length control field | 081006t xxu||||| |||| 00| 0 hin d |
| 010 ## - LCCN (DPL NO) | |
| LC control number | HIN-84297-98 |
| 020 ## - INTERNATIONAL STANDARD BOOK NUMBER | |
| International Standard Book Number | 9788181437495 |
| Terms of availability | 1600.00 (दो खंडो का) |
| 020 ## - INTERNATIONAL STANDARD BOOK NUMBER | |
| International Standard Book Number | 9788181437501 |
| Terms of availability | 1600.00 (दो खंडो में) |
| 035 ## - SYSTEM CONTROL NUMBER | |
| System control number | HN-56643-44 |
| 037 ## - SOURCE OF ACQUISITION | |
| Source of stock number/acquisition | DBAD / PUB |
| 040 ## - CATALOGING SOURCE | |
| Original cataloging agency | DPL |
| Language of cataloging | HN |
| 082 ## - DEWEY DECIMAL CLASSIFICATION NUMBER | |
| Classification number | 079.5403 |
| 100 ## - MAIN ENTRY--PERSONAL NAME | |
| Personal name | विजयदत्त श्रीधर |
| 245 ## - TITLE STATEMENT | |
| Title | भारतीय पत्रकारिता कोशः (1780-1900) / |
| Statement of responsibility, etc | विजयदत्त श्रीधर |
| 246 ## - VARYING FORM OF TITLE | |
| Title proper/short title | Bhartiya Patrakarita Kosh: (1780-1900 ) |
| Remainder of title | by Vijaydutt Shridhar |
| 260 ## - PUBLICATION, DISTRIBUTION, ETC. (IMPRINT) | |
| Place of publication, distribution, etc | नई दिल्ली |
| Name of publisher, distributor, etc | वाणी प्रकाशन |
| Date of publication, distribution, etc | 2008 |
| 270 ## - ADDRESS | |
| Address | 21-ए, दरियागंज |
| City | नई दिल्ली |
| Postal code | 110002 |
| Telephone number | 011 23273167, 23275710, 41562622 |
| Fax number | 011 23275710 |
| Electronic mail address | vaniprakashan@gmail.com |
| 300 ## - PHYSICAL DESCRIPTION | |
| Extent | 2भाग, 485-1070पृ |
| Dimensions | 25सेमी (सजिल्द) |
| 500 ## - GENERAL NOTE | |
| General note | 2 भागों में प्रकाशित |
| 650 ## - SUBJECT ADDED ENTRY--TOPICAL TERM | |
| Topical term or geographic name as entry element | पत्रकारिता |
| General subdivision | विश्वकोश एवं शब्दकोश |
| Geographic subdivision | भारत |
| 650 ## - SUBJECT ADDED ENTRY--TOPICAL TERM | |
| Topical term or geographic name as entry element | Journalism |
| General subdivision | Encyclopedia and dictionaries |
| Geographic subdivision | India |
| 942 ## - ADDED ENTRY ELEMENTS (KOHA) | |
| Source of classification or shelving scheme | Dewey Decimal Classification |
| Item type | Hindi Books |
| Call number suffix | विजय |
| Classification part | 079.5403 |
| Withdrawn status | Lost status | Source of classification or shelving scheme | Damaged status | Not for loan | Collection code | Home library | Current library | Date acquired | Source of acquisition | Cost, normal purchase price | Total Checkouts | Full call number | Barcode | Date last seen | Copy number | Cost, replacement price | Koha item type |
|---|---|---|---|---|---|---|---|---|---|---|---|---|---|---|---|---|---|
| Dewey Decimal Classification | Not For Loan | Non-fiction | D.B.Act.Division | D.B.Act.Division | 06/10/2008 | DBAD / PUB | 1600.00 | 079.5403 विजय | HN-56643 | 06/10/2008 | 1 | 1600.00 | Hindi Books | ||||
| Dewey Decimal Classification | Not For Loan | Non-fiction | D.B.Act.Division | D.B.Act.Division | 06/10/2008 | DBAD / PUB | 1600.00 | 079.5403 विजय | HN-56644 | 06/10/2008 | 1 | 1600.00 | Hindi Books |
